<?xml version="1.0" encoding="UTF-8"?>
<record
    xmlns:xsi="http://www.w3.org/2001/XMLSchema-instance"
    xsi:schemaLocation="http://www.loc.gov/MARC21/slim http://www.loc.gov/standards/marcxml/schema/MARC21slim.xsd"
    xmlns="http://www.loc.gov/MARC21/slim">

  <leader>00357nam a2200145Ia 4500</leader>
  <controlfield tag="008">191201s2005    xx            000 0 und d</controlfield>
  <datafield tag="082" ind1=" " ind2=" ">
    <subfield code="a">621.3811</subfield>
    <subfield code="b">TAP</subfield>
  </datafield>
  <datafield tag="100" ind1=" " ind2=" ">
    <subfield code="a">TAUB, Herbert</subfield>
  </datafield>
  <datafield tag="245" ind1=" " ind2="0">
    <subfield code="a">Principles of Communication Systems</subfield>
  </datafield>
  <datafield tag="250" ind1=" " ind2=" ">
    <subfield code="a">2nd</subfield>
  </datafield>
  <datafield tag="260" ind1=" " ind2=" ">
    <subfield code="a">N.Delhi</subfield>
    <subfield code="b">Tata Mc Graw Hill</subfield>
    <subfield code="c">2005</subfield>
  </datafield>
  <datafield tag="300" ind1=" " ind2=" ">
    <subfield code="a">759</subfield>
  </datafield>
  <datafield tag="650" ind1=" " ind2=" ">
    <subfield code="a">B.Tech(ECE)</subfield>
  </datafield>
  <datafield tag="942" ind1=" " ind2=" ">
    <subfield code="2">ddc</subfield>
    <subfield code="c">BK</subfield>
  </datafield>
  <datafield tag="999" ind1=" " ind2=" ">
    <subfield code="c">916</subfield>
    <subfield code="d">916</subfield>
  </datafield>
  <datafield tag="952" ind1=" " ind2=" ">
    <subfield code="0">0</subfield>
    <subfield code="1">0</subfield>
    <subfield code="2">ddc</subfield>
    <subfield code="4">0</subfield>
    <subfield code="7">0</subfield>
    <subfield code="8">BTECHECE</subfield>
    <subfield code="a">PIET</subfield>
    <subfield code="b">PIET</subfield>
    <subfield code="d">2006-08-08</subfield>
    <subfield code="e">UBS pub and dis ltd n. delhi</subfield>
    <subfield code="g">200.00</subfield>
    <subfield code="k">125415</subfield>
    <subfield code="l">1</subfield>
    <subfield code="o">621.3811 TAP</subfield>
    <subfield code="p">601</subfield>
    <subfield code="r">2024-03-04 00:00:00</subfield>
    <subfield code="s">2024-02-26</subfield>
    <subfield code="w">2005-08-18</subfield>
    <subfield code="y">BK</subfield>
  </datafield>
  <datafield tag="952" ind1=" " ind2=" ">
    <subfield code="0">0</subfield>
    <subfield code="1">0</subfield>
    <subfield code="2">ddc</subfield>
    <subfield code="4">0</subfield>
    <subfield code="7">0</subfield>
    <subfield code="8">BTECHECE</subfield>
    <subfield code="a">PIET</subfield>
    <subfield code="b">PIET</subfield>
    <subfield code="d">2006-08-08</subfield>
    <subfield code="e">UBS pub and dis ltd n. delhi</subfield>
    <subfield code="g">200.00</subfield>
    <subfield code="k">125415</subfield>
    <subfield code="l">1</subfield>
    <subfield code="o">621.3811 TAP</subfield>
    <subfield code="p">602</subfield>
    <subfield code="r">2024-03-06 00:00:00</subfield>
    <subfield code="s">2024-02-26</subfield>
    <subfield code="w">2005-08-18</subfield>
    <subfield code="y">BK</subfield>
  </datafield>
  <datafield tag="952" ind1=" " ind2=" ">
    <subfield code="0">0</subfield>
    <subfield code="1">0</subfield>
    <subfield code="2">ddc</subfield>
    <subfield code="4">0</subfield>
    <subfield code="7">0</subfield>
    <subfield code="8">BTECHECE</subfield>
    <subfield code="a">PIET</subfield>
    <subfield code="b">PIET</subfield>
    <subfield code="d">2006-08-08</subfield>
    <subfield code="e">UBS pub and dis ltd n. delhi</subfield>
    <subfield code="g">200.00</subfield>
    <subfield code="k">125415</subfield>
    <subfield code="l">0</subfield>
    <subfield code="o">621.3811 TAP</subfield>
    <subfield code="p">603</subfield>
    <subfield code="r">2019-12-04 00:00:00</subfield>
    <subfield code="w">2005-08-18</subfield>
    <subfield code="y">BK</subfield>
  </datafield>
  <datafield tag="952" ind1=" " ind2=" ">
    <subfield code="0">0</subfield>
    <subfield code="1">0</subfield>
    <subfield code="2">ddc</subfield>
    <subfield code="4">0</subfield>
    <subfield code="7">0</subfield>
    <subfield code="8">BTECHECE</subfield>
    <subfield code="a">PIET</subfield>
    <subfield code="b">PIET</subfield>
    <subfield code="d">2006-08-08</subfield>
    <subfield code="e">UBS pub and dis ltd n. delhi</subfield>
    <subfield code="g">200.00</subfield>
    <subfield code="k">125415</subfield>
    <subfield code="l">0</subfield>
    <subfield code="o">621.3811 TAP</subfield>
    <subfield code="p">604</subfield>
    <subfield code="r">2019-12-04 00:00:00</subfield>
    <subfield code="w">2005-08-18</subfield>
    <subfield code="y">BK</subfield>
  </datafield>
  <datafield tag="952" ind1=" " ind2=" ">
    <subfield code="0">0</subfield>
    <subfield code="1">0</subfield>
    <subfield code="2">ddc</subfield>
    <subfield code="4">0</subfield>
    <subfield code="7">0</subfield>
    <subfield code="8">BTECHECE</subfield>
    <subfield code="a">PIET</subfield>
    <subfield code="b">PIET</subfield>
    <subfield code="d">2006-08-08</subfield>
    <subfield code="e">UBS pub and dis ltd n. delhi</subfield>
    <subfield code="g">200.00</subfield>
    <subfield code="k">125415</subfield>
    <subfield code="l">0</subfield>
    <subfield code="o">621.3811 TAP</subfield>
    <subfield code="p">605</subfield>
    <subfield code="r">2019-12-04 00:00:00</subfield>
    <subfield code="w">2005-08-18</subfield>
    <subfield code="y">BK</subfield>
  </datafield>
  <datafield tag="952" ind1=" " ind2=" ">
    <subfield code="0">0</subfield>
    <subfield code="1">0</subfield>
    <subfield code="2">ddc</subfield>
    <subfield code="4">0</subfield>
    <subfield code="7">0</subfield>
    <subfield code="8">BTECHECE</subfield>
    <subfield code="a">PIET</subfield>
    <subfield code="b">PIET</subfield>
    <subfield code="d">2006-08-08</subfield>
    <subfield code="e">UBS pub and dis ltd n. delhi</subfield>
    <subfield code="g">200.00</subfield>
    <subfield code="k">125415</subfield>
    <subfield code="l">1</subfield>
    <subfield code="o">621.3811 TAP</subfield>
    <subfield code="p">606</subfield>
    <subfield code="r">2024-03-29 00:00:00</subfield>
    <subfield code="s">2024-03-18</subfield>
    <subfield code="w">2005-08-18</subfield>
    <subfield code="y">BK</subfield>
  </datafield>
  <datafield tag="952" ind1=" " ind2=" ">
    <subfield code="0">0</subfield>
    <subfield code="1">0</subfield>
    <subfield code="2">ddc</subfield>
    <subfield code="4">0</subfield>
    <subfield code="7">0</subfield>
    <subfield code="8">BTECHECE</subfield>
    <subfield code="a">PIET</subfield>
    <subfield code="b">PIET</subfield>
    <subfield code="d">2006-08-08</subfield>
    <subfield code="e">UBS pub and dis ltd n. delhi</subfield>
    <subfield code="g">200.00</subfield>
    <subfield code="k">125415</subfield>
    <subfield code="l">0</subfield>
    <subfield code="o">621.3811 TAP</subfield>
    <subfield code="p">607</subfield>
    <subfield code="r">2019-12-04 00:00:00</subfield>
    <subfield code="w">2005-08-18</subfield>
    <subfield code="y">BK</subfield>
  </datafield>
  <datafield tag="952" ind1=" " ind2=" ">
    <subfield code="0">0</subfield>
    <subfield code="1">0</subfield>
    <subfield code="2">ddc</subfield>
    <subfield code="4">0</subfield>
    <subfield code="7">0</subfield>
    <subfield code="8">BTECHECE</subfield>
    <subfield code="a">PIET</subfield>
    <subfield code="b">PIET</subfield>
    <subfield code="d">2006-08-08</subfield>
    <subfield code="e">UBS pub and dis ltd n. delhi</subfield>
    <subfield code="g">200.00</subfield>
    <subfield code="k">125415</subfield>
    <subfield code="l">0</subfield>
    <subfield code="o">621.3811 TAP</subfield>
    <subfield code="p">608</subfield>
    <subfield code="r">2019-12-04 00:00:00</subfield>
    <subfield code="w">2005-08-18</subfield>
    <subfield code="y">BK</subfield>
  </datafield>
  <datafield tag="952" ind1=" " ind2=" ">
    <subfield code="0">0</subfield>
    <subfield code="1">0</subfield>
    <subfield code="2">ddc</subfield>
    <subfield code="4">0</subfield>
    <subfield code="7">0</subfield>
    <subfield code="8">BTECHECE</subfield>
    <subfield code="a">PIET</subfield>
    <subfield code="b">PIET</subfield>
    <subfield code="d">2006-08-08</subfield>
    <subfield code="e">UBS pub and dis ltd n. delhi</subfield>
    <subfield code="g">200.00</subfield>
    <subfield code="k">125415</subfield>
    <subfield code="l">2</subfield>
    <subfield code="o">621.3811 TAP</subfield>
    <subfield code="p">609</subfield>
    <subfield code="r">2024-03-18 00:00:00</subfield>
    <subfield code="s">2024-03-05</subfield>
    <subfield code="w">2005-08-18</subfield>
    <subfield code="y">BK</subfield>
  </datafield>
  <datafield tag="952" ind1=" " ind2=" ">
    <subfield code="0">0</subfield>
    <subfield code="1">0</subfield>
    <subfield code="2">ddc</subfield>
    <subfield code="4">0</subfield>
    <subfield code="7">0</subfield>
    <subfield code="8">BTECHECE</subfield>
    <subfield code="a">PIET</subfield>
    <subfield code="b">PIET</subfield>
    <subfield code="d">2006-08-08</subfield>
    <subfield code="e">UBS pub and dis ltd n. delhi</subfield>
    <subfield code="g">200.00</subfield>
    <subfield code="k">125415</subfield>
    <subfield code="l">1</subfield>
    <subfield code="o">621.3811 TAP</subfield>
    <subfield code="p">610</subfield>
    <subfield code="r">2025-01-27 00:00:00</subfield>
    <subfield code="s">2024-02-05</subfield>
    <subfield code="w">2005-08-18</subfield>
    <subfield code="y">BK</subfield>
  </datafield>
</record>
